=LDR 00000nam 2200000 4500 =001 INLIS000000000031569 =005 20130612133632 =008 ***********************************ind** =035 ##$$0010-061300000031569 =041 ##$$a ind =082 ##$$a 813 =090 ##$$a 813, Hir,m1 =100 ##$$a Hirata Andrea =245 ##$$a Mimpi-mimpi Tentang Maryamah Karpov, Andrea Hirata =260 ##$$a 2008 $b Yogyakarta =300 ##$$a x,504 hlm, 21 cm =650 ##$$a Fiksi Dewasa =700 ##$$a Risdiyanto, Imam =850 ##$$a NBPNMAT